The Ethics Of Aristotle (Record no. 3077)
[ view plain ]
| 000 -LEADER | |
|---|---|
| fixed length control field | 00612cac a22001811u 4500 |
| 090 ## - LOCALLY ASSIGNED LC-TYPE CALL NUMBER (OCLC); LOCAL CALL NUMBER (OCLC) | |
| -- | 3077 |
| 008 - FIXED-LENGTH DATA ELEMENTS--GENERAL INFORMATION | |
| fixed length control field | 081111t1949 xxu||||| |||| 00| 0 eng d |
| 082 ## - DEWEY DECIMAL CLASSIFICATION NUMBER | |
| Classification number | 170 |
| Item number | ETH |
| 245 ## - TITLE STATEMENT | |
| Title | The Ethics Of Aristotle |
| 246 ## - VARYING FORM OF TITLE | |
| Title proper/short title | Philosophy and Theology. |
| 260 ## - PUBLICATION, DISTRIBUTION, ETC. (IMPRINT) | |
| Place of publication, distribution, etc | London,New York: |
| Name of publisher, distributor, etc | J.M.Dent and Sons , E.B.Dutton , |
| Date of publication, distribution, etc | c.1949. |
| 300 ## - PHYSICAL DESCRIPTION | |
| Extent | 290p.; |
| Other physical details | 15cm. |
| 500 ## - GENERAL NOTE | |
| General note | Donations. |
| 500 ## - GENERAL NOTE | |
| General note | Donations - Dr. Mostafa Gouda. |
| 650 ## - SUBJECT ADDED ENTRY--TOPICAL TERM | |
| Topical term or geographic name as entry element | Ethics. |
| 942 ## - ADDED ENTRY ELEMENTS (KOHA) | |
| Item type | Book - Borrowing |
| Call number prefix | 170ETH |
| Source of classification or shelving scheme | Dewey Decimal Classification |
| Withdrawn status | Item status | Source of classification or shelving scheme | Damaged status | Not for loan | Home library | Current library | Shelving location | Date acquired | Source of acquisition | Total Checkouts | Total Renewals | Full call number | Barcode | Date last seen | Date last borrowed | Koha item type |
|---|---|---|---|---|---|---|---|---|---|---|---|---|---|---|---|---|
| Dewey Decimal Classification | Central Library | Central Library | Lower Floor | 19/03/2007 | Purchase | 6 | 18 | 170 ETH | 000001123 | 15/07/2025 | 23/02/2022 | Book - Borrowing |